Návrh zariadenia na valcovanie pásov z mangánových zliatin

Saved in:
Bibliographic Details
Main Author: Fajnor, Martin (Author)
Other Authors: Košťál, Peter (Thesis advisor)
Format: Manuscript Book
Language:Slovak
Published: 2017
Subjects:
Online Access:http://is.stuba.sk/zp/portal_zp.pl?podrobnosti=126803
Tags: Add Tag
No Tags, Be the first to tag this record!

MARC

LEADER 00000ntm a22000003a 4500
001 stuzp62751
003 SK-STU
005 20170624211750.1
007 ta
008 150427s2015----xo-----f-mn---000-0-slo-d
040 |a STU  |b slo 
041 0 |a slo 
100 1 |a Fajnor, Martin  |u 063000  |4 aut  |U MTF Materiálovotechnologická fakulta  |T MTF Ústav výrobných technológií  |X 8410  |U M3000  |Y 83  |7 8410 
242 0 1 |a Proposal equipment for rolling plates of manganese alloys  |y eng 
245 1 0 |a Návrh zariadenia na valcovanie pásov z mangánových zliatin 
260 |c 2017 
650 4 |a valcovanie za studena  |2 slo 
650 4 |a valcovanie  |2 slo 
650 4 |a zariadenie na valcovanie  |2 slo 
650 4 |a rolling  |2 eng 
650 4 |a cold rolling  |2 eng 
650 4 |a rolling equipment  |2 eng 
700 1 |a Košťál, Peter  |u 063800  |k Z1  |4 ths  |U MTF Ústav výrobných technológií  |T MTF Katedra výrobných systémov, metrológie a montáže  |X 216  |U M3800  |Y 660  |7 A000000216 
856 4 |u http://is.stuba.sk/zp/portal_zp.pl?podrobnosti=126803 
996 |c M* DP-13007  |l MMKN  |s P  |a 0  |w stuzp62751_0001